000 00823nam a22002657a 4500
003 CHAP
005 20220329134153.0
008 971013s r 00010 d
010 _a16500
011 _a17472
035 _a21555
040 _cCHAP
090 _aR-2198
100 0 0 _aHorton, Douglas E.
_956392
245 _aPotato farming in the Andes; some lessons from on farm research in Peru's Mantaro Valley
500 _aSobretiro de : Agricultural Systems 12:171-184, 1983
590 _aBATCH-UPD
_b10
_c20130110
_lUCH01
_h2117
590 _aBATCH-UPD
_b10
_c20130410
_lUCH01
_h1427
590 _aBATCH-UPD
_b10
_c20130914
_lUCH01
_h1624
590 _aCONVERSION
_b10
_c20130109
_lUCH01
_h1310
650 1 4 _aPapa
_xPerĂº.
_985269
901 _aBK
942 _cREIMP
949 _aR-2198
_bBC
_cR
_d-50180
_eTS1
_i21555
_si
999 _c16500
_d16500